000 01691cad a22002295a 4500
001 L156165
008 120518s2012 xxk 000 0 eng d
035 _a(Sirsi) u156411
041 0 _aeng
110 2 _aKnight Frank
_91530
245 0 0 _aHong Kong monthly
_breview and commentary on Hong Kong's property market
_h[electronic resource]
260 _a[S.l.]
_bKnight Frank
_c2012
490 0 _aKnight Frank Hong Kong Monthly
_vMay 2012
520 _aSentiment improved in Hong Kong's Grade A office sales and leasing sectors in April. Residential sales and leasing activity slowed over the Easter holiday and examination season. The retail sector maintained its momentum during the holiday period and this sector is expected to outperform the other sectors for the rest of the year. The office and residential markets will be suppressed by ongoing uncertainty in the global economy.
520 _aMarket in brief - Prime office: selected office sales and leasing transactions; month-on-month movement of Grade A office rents; prime office market indicators - Residential: selected residential sales and leasing transactions; month-on-month movement of luxury residential rents; luxury residential market indicators - Retail: selected retail sales and leasing transactions; month-on-month movement of prime street shop rents; retail sales by type of retail outlet.
590 _aNTK KA
651 4 _aHong Kong
690 _aCommercial property
_96227
690 _aResidential property
_96266
856 4 0 _uhttps://my.knightfrank.com/research/?regionid=5
_zView the report (click on Asia Pacific and Commercial in the Refine box then click on title) at my.knightfrank.com
942 _n0
999 _c83998
_d83998